000 00264 a2200121 4500
005 20250702080049.0
020 _a978-1447252290
100 _aARCHER, J.
245 _aTell Tale.
260 _aLondon,
_bMacMillan,
_c2017.
300 _a271p.:
_c25cm
942 _2ddc
_cBKS
999 _c6555
_d6555